Sư tử tuyết bờm xanh Truyện cổ phật giáo tây tạng
v.v...
Đã lưu trong:
| Tác giả chính: | |
|---|---|
| Định dạng: | Sách |
| Năm xuất bản: |
Tp. Hồ Chí Minh
Nxb Tp. Hồ Chí Minh
1999
|
| Chủ đề: | |
| Tags: |
Thêm thẻ
Không có thẻ, Hãy là người đầu tiên gắn thẻ bản ghi này!
|
| LEADER | 01193nam a2200229 4500 | ||
|---|---|---|---|
| 082 | |a 398.20951 |b D100S | ||
| 100 | |a Das, Surya | ||
| 242 | |a The snow lion's turquoise mane | ||
| 245 | |a Sư tử tuyết bờm xanh |c Surya Das; Nguyễn Tường Bách dịch |b Truyện cổ phật giáo tây tạng | ||
| 260 | |a Tp. Hồ Chí Minh |b Nxb Tp. Hồ Chí Minh |c 1999 | ||
| 300 | |a 239 tr. |c 21 cm. | ||
| 520 | |a v.v... | ||
| 653 | |a Văn học dân gian | ||
| 653 | |a Trung Quốc | ||
| 653 | |a Truyện cổ | ||
| 653 | |a Tây Tạng | ||
| 942 | |2 ddc |c STK0 | ||
| 999 | |c 4936 |d 4936 | ||
| 952 | |0 0 |1 0 |2 ddc |4 0 |6 398_209510000000000_D100S |7 0 |8 300 |9 45792 |a qbu |b qbu |c D2 |d 2014-12-20 |g 19000 |o 398.20951 D100S |p 866.c1 |r 0000-00-00 |w 2014-12-20 |y STK0 | ||
| 952 | |0 0 |1 0 |2 ddc |4 0 |6 398_209510000000000_D100S |7 0 |8 300 |9 45793 |a qbu |b qbu |c D2 |d 2014-12-20 |g 19000 |o 398.20951 D100S |p 866.c2 |r 0000-00-00 |w 2014-12-20 |y STK0 | ||
| 952 | |0 0 |1 0 |2 ddc |4 0 |6 398_209510000000000_D100S |7 0 |8 300 |9 45794 |a qbu |b qbu |c D2 |d 2014-12-20 |g 19000 |o 398.20951 D100S |p 866.c3 |r 0000-00-00 |w 2014-12-20 |y STK0 | ||
| 952 | |0 0 |1 0 |2 ddc |4 0 |6 398_209510000000000_D100S |7 0 |8 300 |9 45795 |a qbu |b qbu |c D2 |d 2014-12-20 |g 19000 |o 398.20951 D100S |p 866.c4 |r 0000-00-00 |w 2014-12-20 |y STK0 | ||